| 000 | 00729nam a22002057a 4500 | ||
|---|---|---|---|
| 005 | 20251108173615.0 | ||
| 008 | 250721s2005 xx 000 0 ara d | ||
| 020 | _a9772943166 | ||
| 082 | 1 | 4 | _a025.49/عاي |
| 100 | 1 | _aالعايدي، محمد عوض | |
| 245 | 1 | 0 | _aقائمة رؤوس الموضوعات لأدب و مكتبات الأطفال عربي - إنجليزي / |
| 246 | 1 | 1 | _aSubject Headings List for Childrens Literature and Libraries |
| 264 | 1 |
_aالقاهره : _bمركز الكتاب للنشر، _c2005. |
|
| 300 | _a207ص | ||
| 650 | 1 | 7 | _aراوس الموضوعات |
| 650 | 1 | 7 | _aالتحليل الموضوعي |
| 650 | 1 | 7 | _aالفهرسه الوصفيه |
| 942 |
_2ddc _cBK |
||
| 999 |
_c108001 _d108001 |
||